| 000 | 00560cam a2200241ua 4500 | ||
|---|---|---|---|
| 020 | _c25.00 (PB) | ||
| 041 |
_aeng _h |
||
| 082 |
_a631.1 _bJAG/EL |
||
| 100 |
_aJagadish, Sahay. _9705 |
||
| 245 |
_aElements of agricultural engineering, Vol.1 / _cJagdish Sahay. _hTextual Documents |
||
| 250 |
_a2 / _b. |
||
| 260 |
_aPatna : _bAgro boot agency , _c1977. |
||
| 300 | _a404 ; . | ||
| 362 | 0 | _a1- | |
| 365 | _a25.00 | ||
| 504 | _a | ||
| 942 | _cBK | ||
| 999 |
_c80 _d80 |
||
| 003 | @ | ||
| 003 | OSt | ||